Sports Quiz

Random Sports or NFL Quiz

NFL Most Rush Yds by # of Starts (Season) Quiz Stats

 Plays Quiz Updated Dec 30, 2015

Challenge
Share
Tweet
Embed
Score 0/86 Timer 12:00
15 Plays Today
Yardage (starts) Player % Correct
16Adrian Peterson
97.1%
15Adrian Peterson
97.1%
9Adrian Peterson
97.1%
16Barry Sanders
93.9%
13Barry Sanders
93.9%
11Barry Sanders
93.9%
16Eric Dickerson
89.5%
10Eric Dickerson
89.5%
16Terrell Davis
87.2%
15Terrell Davis
87.2%
13Emmitt Smith
86.8%
0Antowain Smith
86.3%
15Jerome Bettis
85.5%
12Jerome Bettis
85.4%
12Jerome Bettis
85.5%
6Jerome Bettis
85.4%
16Jamal Lewis
83.4%
13Arian Foster
83.3%
15Barry Foster
82.9%
5DeShaun Foster
82.8%
14Tiki Barber
81.4%
0Marion Barber
81%
9Larry Johnson
79.5%
5Rudi Johnson
79.3%
11Anthony Johnson
79.3%
14Priest Holmes
76.2%
8Priest Holmes
76.2%
7Ricky Williams
76%
2Darick Holmes
75.8%
Yardage (starts) Player % Correct
1Felix Jones
73.9%
10Jamaal Charles
72.4%
6Jamaal Charles
72.4%
11Ahman Green
70.3%
14Corey Dillon
68.7%
6Corey Dillon
68.7%
13Clinton Portis
67.1%
12Clinton Portis
67.1%
13Fred Taylor
66.6%
15Earl Campbell
66.3%
4Chester Taylor
66.3%
3Jonathan Stewart
65.6%
3Jonathan Stewart
65.6%
0Jonathan Stewart
65.6%
9James Stewart
65.4%
7James Stewart
65.4%
6Fred Jackson
63%
12Mike Anderson
62.4%
3Maurice Jones-Drew
60.7%
1Maurice Jones-Drew
60.7%
10Anthony Thomas
59.5%
11Ahmad Bradshaw
59.3%
1Ahmad Bradshaw
59.3%
8Jeremy Hill
56.5%
5Brandon Jacobs
52.6%
0Joseph Addai
50.7%
4John Riggins
48.6%
6Joique Bell
47.6%
1Tatum Bell
47.6%
Yardage (starts) Player % Correct
14Christian Okoye
43.4%
9C.J. Spiller
43%
8Gary Brown
42.1%
2LenDale White
39.7%
12Charles White
39.7%
11Willis McGahee
38.4%
7Ryan Grant
29.4%
14Gerald Riggs
27.6%
3Derrick Ward
26.8%
2Shonn Greene
24.5%
10Dominic Rhodes
20.9%
4Chris Ivory
20.8%
0Chris Wells
20.4%
4Ron Dayne
19.5%
7LeGarrette Blount
18.4%
7Justin Fargas
17.1%
9Ladell Betts
15.2%
2Ben Tate
13.7%
4Kevan Barlow
13%
3Barry Word
11.6%
4Mike Tolbert
10.2%
5George Rogers
9.2%
8Errict Rhett
7.9%
1Joe Washington
7.9%
8Stump Mitchell
7.3%
10Joe Delaney
5.8%
5Curtis Dickey
1.8%
2Jonathan Linton
1%

You're not logged in!

Compare scores with friends on all Sporcle quizzes.
OR
Log In

You Might Also Like...

Show Comments

Extras

Top Quizzes Today


Score Distribution

Your Account Isn't Verified!

In order to create a playlist on Sporcle, you need to verify the email address you used during registration. Go to your Sporcle Settings to finish the process.

Report this User

Report this user for behavior that violates our Community Guidelines.

Details: